Sports Quiz

Random Sports or Baseball Quiz

New York-Penn League Teams Quiz Stats

 Plays Quiz not verified by Sporcle

Challenge
Share
Tweet
Embed
Score 0/14 Timer 02:00
0 Plays Today
Major League Affiliate Team Name % Correct
New York YankeesStaten Island Yankees
89.3%
New York MetsBrooklyn Cyclones
82.1%
Baltimore OriolesAberdeen Ironbirds
71.4%
Boston Red SoxLowell Spinners
71.4%
Miami MarlinsBatavia Muckdogs
67.9%
Detroit TigersConnecticut Tigers
67.9%
Pittsburgh PiratesWest Virginia Black Bears
67.9%
Major League Affiliate Team Name % Correct
Tampa Bay RaysHudson Valley Renegades
60.7%
Philadelphia PhilliesWilliamsport Crosscutters
60.7%
Washington NationalsAuburn Doubledays
57.1%
St Louis CardinalsState College Spikes
57.1%
Houston AstrosTri-City ValleyCats
57.1%
Oakland A'sVermont Lake Monsters
46.4%
Cleveland IndiansMahoning Valley Scrappers
42.9%

You're not logged in!

Compare scores with friends on all Sporcle quizzes.
Join for Free
OR
Log In

You Might Also Like...

Show Comments

Extras

Top Quizzes Today


Score Distribution

Your Account Isn't Verified!

In order to create a playlist on Sporcle, you need to verify the email address you used during registration. Go to your Sporcle Settings to finish the process.

Report this User

Report this user for behavior that violates our Community Guidelines.

Details: